| 000 | 00334nam a2200109Ia 4500 | ||
|---|---|---|---|
| 008 | 171204s9999 xx 000 0 und d | ||
| 245 | _aSoftware Engineering Education Going Agile: | ||
| 245 | _cBing Wu and Stephan Kassel | ||
| 260 | _c2016 | ||
| 650 | _xSoftware Engineering | ||
| 856 | _uhttp://down.ebook777.com/043/9783319291659.pdf | ||
| 999 |
_c345972 _d345972 |
||